[Event "SUI-chT Mendrisio-Wollishofen"]
[Site "?"]
[Date "2009.04.26"]
[Round "3.8"]
[White "Patuzzo, Fabricio"]
[Black "Hindermann, Felix"]
[Result "1/2-1/2"]
[WhiteElo "2260"]
[BlackElo "2328"]
[PlyCount "109"]
[EventDate "2009.04.26"]
[SourceDate "2001.01.01"]

1. c4 c5 2. Nf3 Nc6 3. d4 cxd4 4. Nxd4 Qb6 5. Nb3 Nf6 6. Nc3 d6 7. e4 Bg4 8. f3
Be6 9. Nd5 Bxd5 10. cxd5 Ne5 11. Qd4 Qxd4 12. Nxd4 g6 13. Bb5+ Ned7 14. Ne6
fxe6 15. dxe6 a6 16. Ba4 b5 17. exd7+ Nxd7 18. Bd1 Nc5 19. Bc2 Bg7 20. Rb1 Rc8
21. Be3 Na4 22. Bxa4 bxa4 23. Kd2 Kd7 24. Rhc1 Rxc1 25. Kxc1 Rc8+ 26. Kd2 Rb8
27. b3 axb3 28. Rxb3 Rxb3 29. axb3 Kc6 30. Kd3 Kb5 31. Bd2 e6 32. g4 Kc5 33. f4
d5 34. Be3+ Kd6 35. Bd4 dxe4+ 36. Kxe4 Bf8 37. Be3 Bg7 38. Bd4 Bf8 39. Be3 Bg7
40. h3 Bh6 41. Bd4 Bf8 42. Bb2 Kd7 43. Bc3 Kc6 44. Bf6 Bd6 45. Be5 Be7 46. Bc3
Bd6 47. h4 h5 48. f5 exf5+ 49. gxf5 gxf5+ 50. Kxf5 Bg3 51. Kg5 Kb5 52. Kxh5 a5
53. Kg4 Bxh4 54. Kxh4 a4 55. bxa4+ 1/2-1/2

[Event "SUI-chT Winterthur-Joueur"]
[Site "?"]
[Date "2009.04.26"]
[Round "3.1"]
[White "Jussupow, Artur"]
[Black "Chernuschevich, Alexei"]
[Result "1-0"]
[WhiteElo "2578"]
[BlackElo "2526"]
[PlyCount "83"]
[EventDate "2009.??.??"]
[SourceDate "2001.01.01"]

1. d4 Nf6 2. Nf3 e6 3. e3 c5 4. Bd3 b6 5. O-O Bb7 6. c4 d6 7. Nc3 cxd4 8. exd4
Be7 9. d5 e5 10. Ng5 Nbd7 11. f4 O-O 12. Kh1 h6 13. Nf3 Re8 14. fxe5 dxe5 15.
Nh4 e4 16. Bc2 Rc8 17. Nf5 Bb4 18. Nb5 Ne5 19. b3 a6 20. Nbd4 b5 21. Nxg7 Kxg7
22. Nf5+ Kh8 23. Nxh6 Qb6 24. Bb2 Kg7 25. Qc1 e3 26. Nf5+ Kf8 27. Nxe3 Nfd7 28.
a3 Bc5 29. Nf5 bxc4 30. bxc4 Qg6 31. Qf4 Qh5 32. Ng3 Qg4 33. Qh6+ Qg7 34. Qh5
Nf6 35. Rxf6 Qxf6 36. Rf1 Bf2 37. Ne4 Qg6 38. Qh8+ Qg8 39. Qh6+ Qg7 40. Qd6+
Re7 41. Rxf2 Rxc4 42. Nf6 1-0

[Event "SUI-chT Joueur-Winterthur"]
[Site "?"]
[Date "2009.04.26"]
[Round "3.2"]
[White "Sermier, Guillaume"]
[Black "Forster, Richard"]
[Result "1/2-1/2"]
[WhiteElo "2397"]
[BlackElo "2448"]
[PlyCount "42"]
[EventDate "2009.04.25"]
[SourceDate "2001.01.01"]

1. e4 c5 2. Nf3 d6 3. d4 cxd4 4. Nxd4 Nf6 5. Nc3 g6 6. Be3 Bg7 7. f3 Nc6 8. Qd2
O-O 9. O-O-O d5 10. exd5 Nxd5 11. Nxc6 bxc6 12. Bd4 Nxc3 13. Qxc3 Bh6+ 14. Be3
Bxe3+ 15. Qxe3 Qb6 16. Qc3 Be6 17. h4 Rfd8 18. Rxd8+ Rxd8 19. h5 Qd4 20. Qxd4
Rxd4 21. hxg6 hxg6 1/2-1/2

[Event "SUI-chT Winterthur-Joueur"]
[Site "?"]
[Date "2009.04.26"]
[Round "3.3"]
[White "Sutter, Oliver"]
[Black "Netzer, Jean"]
[Result "0-1"]
[WhiteElo "2380"]
[BlackElo "2367"]
[PlyCount "56"]
[EventDate "2009.??.??"]
[SourceDate "2001.01.01"]

1. d4 Nf6 2. c4 g6 3. Nc3 Bg7 4. e4 d6 5. f4 c5 6. d5 O-O 7. Nf3 e6 8. Be2 exd5
9. cxd5 Bg4 10. O-O Bxf3 11. Bxf3 Nbd7 12. Kh1 Ne8 13. Qc2 Nc7 14. Bd2 a6 15.
a4 Rb8 16. Rab1 Re8 17. Nd1 b5 18. b4 bxa4 19. Ne3 Nb5 20. Nc4 Qc7 21. Rfc1 a3
22. bxc5 Nxc5 23. Ba5 Qa7 24. e5 dxe5 25. Nxe5 Nd4 26. Qc4 Rxb1 27. Rxb1 Ndb3
28. Qc2 Nxa5 0-1

[Event "SUI-chT Joueur-Winterthur"]
[Site "?"]
[Date "2009.04.26"]
[Round "3.4"]
[White "Gallagher, Joseph"]
[Black "Ballmann, Martin"]
[Result "1-0"]
[WhiteElo "2474"]
[BlackElo "2395"]
[PlyCount "99"]
[EventDate "2009.04.25"]
[SourceDate "2001.01.01"]

1. e4 g6 2. d4 Bg7 3. Nc3 d6 4. f4 Nf6 5. Nf3 O-O 6. Bd3 Na6 7. O-O c5 8. d5
Nc7 9. a4 a6 10. Qe1 Bd7 11. a5 Bb5 12. Qh4 Bxd3 13. cxd3 e6 14. dxe6 fxe6 15.
Be3 Nh5 16. Qxd8 Raxd8 17. g3 Nf6 18. Kg2 Nd7 19. Rfc1 Bh6 20. Re1 Bg7 21. Rac1
e5 22. fxe5 Nxe5 23. Nxe5 Bxe5 24. Rc2 Kg7 25. b4 cxb4 26. Na2 Nb5 27. Nxb4 Bc3
28. Rxc3 Nxc3 29. Bd4+ Kg8 30. Bxc3 Rd7 31. Nd5 Rdf7 32. Re2 Rc8 33. g4 g5 34.
h3 Rc5 35. Bb4 Rb5 36. Bxd6 Rxa5 37. Rc2 Kg7 38. Bb4 Rb5 39. Bc3+ Kg6 40. Be5
Rb3 41. Rc8 Rxd3 42. Rg8+ Kh6 43. Bc3 Rdf3 44. Bg7+ Rxg7 45. Rxg7 Kxg7 46. Kxf3
b5 47. e5 a5 48. Nc3 b4 49. Na4 b3 50. Ke4 1-0

[Event "SUI-chT Winterthur-Joueur"]
[Site "?"]
[Date "2009.04.26"]
[Round "3.5"]
[White "Huss, Andreas"]
[Black "Lehtivaara, Petri"]
[Result "0-1"]
[WhiteElo "2338"]
[BlackElo "2360"]
[PlyCount "54"]
[EventDate "2009.??.??"]
[SourceDate "2001.01.01"]

1. d4 e6 2. c4 b6 3. Nf3 Bb7 4. Nc3 Bb4 5. Qb3 Qe7 6. a3 Ba5 7. Qc2 c5 8. dxc5
bxc5 9. Bd2 Bxf3 10. gxf3 Nc6 11. Nb5 Bb6 12. e3 Nf6 13. Rg1 O-O 14. Bc3 d5 15.
O-O-O Rfd8 16. cxd5 exd5 17. Bxf6 Qxf6 18. Nc3 Ne7 19. Rg3 g6 20. Bh3 Rab8 21.
f4 Ba5 22. Rd3 c4 23. Rd4 Bxc3 24. Qxc3 Rb3 25. Qd2 Rdb8 26. Bd7 c3 27. Qc2
cxb2+ 0-1

[Event "SUI-chT Joueur-Winterthur"]
[Site "?"]
[Date "2009.04.26"]
[Round "3.6"]
[White "Burnier, David"]
[Black "Kelecevic, Nedeljko"]
[Result "1/2-1/2"]
[WhiteElo "2326"]
[BlackElo "2349"]
[PlyCount "172"]
[EventDate "2009.04.25"]
[SourceDate "2001.01.01"]

1. d4 Nf6 2. c4 e6 3. Nf3 Bb4+ 4. Nbd2 O-O 5. a3 Be7 6. e4 d5 7. Qc2 c5 8. dxc5
dxe4 9. Nxe4 Nxe4 10. Qxe4 Bxc5 11. Bf4 a5 12. Rd1 Qe7 13. Bd3 g6 14. O-O Nc6
15. Rfe1 f6 16. Bc2 a4 17. h4 e5 18. Bh6 Re8 19. h5 Bf5 20. Qe2 Bxc2 21. Qxc2
e4 22. hxg6 hxg6 23. Rd5 b6 24. Bd2 Qe6 25. Bc3 Qg4 26. Nh2 Qe6 27. Nf1 Re7 28.
Qd2 Rh7 29. Qf4 f5 30. Ne3 Ne7 31. Rdd1 Rh5 32. g4 fxg4 33. Nxg4 Rf8 34. Qxe4
Qxe4 35. Rxe4 Rg5 36. Rd2 Nf5 37. Kh2 Rh5+ 38. Kg2 Nh4+ 39. Kf1 Nf3 40. Rd7
Nh2+ 41. Kg2 Nxg4 42. Rg7+ Kh8 43. Rxg4 Rxf2+ 44. Kg3 Rhh2 45. Ra7+ Kg8 46.
Rxg6+ Kf8 47. Rf6+ Rxf6 48. Kxh2 Rf4 49. Rxa4 Kf7 50. Kg3 Bd6 51. Kg2 Ke8 52.
b3 Kd7 53. Bb4 Bc7 54. Be1 Kc6 55. Bf2 Rf8 56. Rb4 Rb8 57. Rb5 Bd6 58. a4 Bc7
59. c5 bxc5 60. Rxc5+ Kd6 61. Rxc7 Rxb3 62. Rc2 Kd7 63. a5 Rb8 64. Bb6 Rc8 65.
Rf2 Rg8+ 66. Kf1 Kc6 67. Rf7 Re8 68. Kf2 Kb5 69. Kf3 Kc6 70. Kf4 Kb5 71. Kf5
Re1 72. Rh7 Ka6 73. Ra7+ Kb5 74. Ra8 Kc6 75. Bd4 Kb7 76. Ra7+ Kb8 77. a6 Rf1+
78. Ke6 Re1+ 79. Kd5 Re8 80. Kc6 Re6+ 81. Kb5 Re5+ 82. Kb4 Rd5 83. Rb7+ Ka8 84.
Ra7+ Kb8 85. Kc3 Rxd4 86. Rb7+ Ka8 1/2-1/2

[Event "SUI-chT Winterthur-Joueur"]
[Site "?"]
[Date "2009.04.26"]
[Round "3.7"]
[White "Nuri, Kambez"]
[Black "Lamoureux, Charles"]
[Result "1-0"]
[WhiteElo "2165"]
[BlackElo "2366"]
[PlyCount "133"]
[EventDate "2009.??.??"]
[SourceDate "2001.01.01"]

1. e4 c5 2. Nc3 e6 3. Nge2 Nc6 4. g3 Nge7 5. Bg2 g6 6. d4 cxd4 7. Nxd4 a6 8.
Bg5 Bg7 9. Nxc6 bxc6 10. Qd6 f6 11. Be3 O-O 12. O-O Rf7 13. Na4 Bf8 14. Qd2 Rb8
15. Rad1 a5 16. Bb6 Qe8 17. Bxa5 d5 18. Rfe1 e5 19. Nb6 Be6 20. c3 dxe4 21.
Bxe4 Nf5 22. b3 Ra7 23. b4 Nd6 24. Bd3 Qf7 25. Qe2 Re8 26. Qf3 Nb7 27. Qxc6
Nxa5 28. bxa5 Rxa5 29. Bb5 Rb8 30. a4 Ra7 31. Nc4 Rc8 32. Nd6 Rxc6 33. Nxf7
Rxc3 34. Nd8 Bb3 35. Ra1 Bc5 36. Nc6 Rc7 37. Rac1 Rxc1 38. Rxc1 Bd4 39. Rb1 Bd5
40. Nxd4 exd4 41. Rd1 Bf3 42. Ra1 Kf7 43. Kf1 Ke6 44. Ke1 Rc2 45. Bd3 Rc3 46.
Kd2 Kd6 47. a5 Rb3 48. Kc2 Rc3+ 49. Kd2 Rb3 50. Bc2 Rb2 51. Kc1 Rb7 52. a6 Re7
53. Bd3 g5 54. Kd2 h5 55. h4 Rg7 56. Ra4 Ke5 57. Ra5+ Ke6 58. Bc4+ Kd6 59. Rf5
gxh4 60. Rxf3 h3 61. Bf1 h2 62. Bg2 h4 63. Ra3 h3 64. Bf3 Ra7 65. Kd3 Kc5 66.
Ra1 Kb6 67. Bb7 1-0

[Event "SUI-chT Joueur-Winterthur"]
[Site "?"]
[Date "2009.04.26"]
[Round "3.8"]
[White "Vesin, Jean-Robert"]
[Black "Schiendorfer, Emanuel"]
[Result "0-1"]
[WhiteElo "2237"]
[BlackElo "2256"]
[PlyCount "66"]
[EventDate "2009.04.25"]
[SourceDate "2001.01.01"]

1. e4 c5 2. Nf3 d6 3. c3 Nf6 4. h3 g6 5. Bc4 Bg7 6. Qe2 O-O 7. d4 cxd4 8. cxd4
d5 9. exd5 Nxd5 10. O-O Nc6 11. Rd1 Be6 12. Ng5 Bf5 13. Nc3 Nxc3 14. bxc3 Na5
15. Bd3 Bxd3 16. Qxd3 Rc8 17. Rb1 Qc7 18. Ba3 b6 19. Re1 h6 20. Ne4 Rfe8 21. g4
Nc4 22. Bc1 Qd7 23. Qf3 Nd6 24. Bf4 Nxe4 25. Rxe4 Qd5 26. Rbe1 e6 27. R1e2 Rc4
28. R4e3 Qxf3 29. Rxf3 Rec8 30. Bd2 Rd8 31. Rfe3 Rd5 32. Be1 b5 33. f4 b4 0-1

[Event "SUI-chT Geneve-Zuerich"]
[Site "?"]
[Date "2009.04.26"]
[Round "3.1"]
[White "Miralles, Gilles"]
[Black "Bauer, Christian"]
[Result "1/2-1/2"]
[WhiteElo "2465"]
[BlackElo "2625"]
[PlyCount "21"]
[EventDate "2009.??.??"]
[SourceDate "2001.01.01"]

1. e4 e6 2. d4 d5 3. Nd2 Nc6 4. Ngf3 Nf6 5. e5 Nd7 6. c4 dxc4 7. Nxc4 Nb6 8. a3
Be7 9. Bd3 O-O 10. h4 h6 11. Ne3 1/2-1/2

[Event "SUI-chT Zuerich-Geneve"]
[Site "?"]
[Date "2009.04.26"]
[Round "3.2"]
[White "Brunner, Lucas"]
[Black "Maze, Sebastien"]
[Result "0-1"]
[WhiteElo "2475"]
[BlackElo "2578"]
[PlyCount "80"]
[EventDate "2009.??.??"]
[SourceDate "2001.01.01"]

1. d4 Nf6 2. c4 e6 3. Nc3 c5 4. e3 d5 5. cxd5 exd5 6. Nf3 Nc6 7. Be2 Be7 8. O-O
O-O 9. b3 Be6 10. Bb2 Rc8 11. Rc1 cxd4 12. Nxd4 Bd6 13. Na4 Ne4 14. Bf3 Ng5 15.
Be2 Ne4 16. Bf3 Ng5 17. Be2 Qe7 18. Nb5 Bb8 19. Ba3 Nb4 20. Qd4 a5 21. f4 Ne4
22. Bf3 Nf6 23. Bxb4 axb4 24. Nc5 Bg4 25. Nd3 Bd7 26. Na7 Rce8 27. Ne5 Bxe5 28.
fxe5 Qxe5 29. Qxe5 Rxe5 30. Rc7 Rb8 31. Rfc1 Kf8 32. Kf2 Re6 33. Bxd5 Ra6 34.
Nc8 Rxa2+ 35. Kg1 Rb2 36. Nd6 Ke7 37. Nc4 Rxb3 38. Bxb7 Ne8 39. Ne5 Nxc7 40.
Rxc7 Kd6 0-1

[Event "SUI-chT Geneve-Zuerich"]
[Site "?"]
[Date "2009.04.26"]
[Round "3.3"]
[White "Fargere, Francois"]
[Black "Jenni, Florian"]
[Result "0-1"]
[WhiteElo "2444"]
[BlackElo "2492"]
[PlyCount "116"]
[EventDate "2009.??.??"]
[SourceDate "2001.01.01"]

1. e4 d5 2. exd5 Qxd5 3. Nc3 Qd6 4. d4 c6 5. Nf3 Nf6 6. Ne5 Nbd7 7. Bf4 Nxe5 8.
Bxe5 Qd8 9. Be2 Bf5 10. O-O e6 11. Bd3 Bg6 12. Qf3 Be7 13. Bxg6 hxg6 14. Ne4
Nxe4 15. Qxe4 Bf6 16. c3 Qd5 17. Rfe1 Rd8 18. Qf4 Ke7 19. a3 Rh5 20. Bxf6+ gxf6
21. Qc7+ Rd7 22. Qf4 a5 23. Re2 a4 24. Rae1 Qd6 25. Qxd6+ Kxd6 26. Rc1 b6 27.
h3 Kd5 28. c4+ Kd6 29. f3 Rh4 30. c5+ Kc7 31. cxb6+ Kxb6 32. Rec2 Rd6 33. g4
Rxh3 34. Kg2 Rh4 35. Rc4 f5 36. Rb4+ Kc7 37. Rxa4 fxg4 38. Kg3 g5 39. f4 f5 40.
fxg5 Rh3+ 41. Kf4 Rf3+ 42. Ke5 Re3+ 43. Kf6 g3 44. Rg1 f4 45. g6 f3 46. g7 Rd8
47. Rc4 f2 48. Rcc1 fxg1=Q 49. Rxg1 Rf3+ 50. Kg6 Rxd4 51. g8=Q Rg4+ 52. Kh7
Rxg8 53. Kxg8 e5 54. Kg7 e4 55. Kg6 e3 56. Rg2 Kd6 57. a4 Ke5 58. a5 Rf8 0-1

[Event "SUI-chT Zuerich-Geneve"]
[Site "?"]
[Date "2009.04.26"]
[Round "3.4"]
[White "Hug, Werner"]
[Black "Landenbergue, Claude"]
[Result "1/2-1/2"]
[WhiteElo "2455"]
[BlackElo "2394"]
[PlyCount "29"]
[EventDate "2009.??.??"]
[SourceDate "2001.01.01"]

1. d4 Nf6 2. Nf3 d6 3. c3 Nbd7 4. Nbd2 e5 5. e4 Be7 6. Bd3 c6 7. O-O O-O 8. a4
Qc7 9. Re1 Rb8 10. Nf1 Re8 11. Ng3 Nf8 12. h3 Ng6 13. Be3 b6 14. Qc2 a6 15. b3
1/2-1/2

[Event "SUI-chT Geneve-Zuerich"]
[Site "?"]
[Date "2009.04.26"]
[Round "3.5"]
[White "Vuilleumier, Alexandre"]
[Black "Vogt, Lothar"]
[Result "1-0"]
[WhiteElo "2301"]
[BlackElo "2458"]
[PlyCount "63"]
[EventDate "2009.??.??"]
[SourceDate "2001.01.01"]

1. e4 c5 2. Nf3 Nc6 3. Bb5 d6 4. O-O Bd7 5. Re1 Nf6 6. c3 a6 7. Ba4 b5 8. Bc2
e5 9. d4 Be7 10. d5 Na5 11. Nbd2 O-O 12. b3 Re8 13. Nf1 Bf8 14. h3 g6 15. N3h2
Bg7 16. Ng4 Nxg4 17. hxg4 c4 18. b4 Nb7 19. a4 a5 20. Be3 axb4 21. cxb4 bxa4
22. Bxa4 Bxa4 23. Rxa4 Qd7 24. Rxa8 Rxa8 25. Qc2 Rc8 26. g5 c3 27. Ng3 Bf8 28.
Rb1 Be7 29. Rb3 Rc4 30. Rxc3 Rxb4 31. Rc7 Qe8 32. Qc6 1-0

[Event "SUI-chT Zuerich-Geneve"]
[Site "?"]
[Date "2009.04.26"]
[Round "3.6"]
[White "Goldstern, Filip Daniel"]
[Black "Gerber, Richard"]
[Result "1/2-1/2"]
[WhiteElo "2359"]
[BlackElo "2357"]
[PlyCount "34"]
[EventDate "2009.??.??"]
[SourceDate "2001.01.01"]

1. d4 g6 2. e4 Bg7 3. Nc3 d6 4. Be3 Nf6 5. Qd2 c6 6. f3 Nbd7 7. Nh3 b5 8. Bd3
O-O 9. a4 b4 10. Ne2 c5 11. c3 Rb8 12. O-O Qc7 13. Rfc1 bxc3 14. bxc3 c4 15.
Bc2 e5 16. Nf2 Rd8 17. Rab1 Ba6 1/2-1/2

[Event "SUI-chT Geneve-Zuerich"]
[Site "?"]
[Date "2009.04.26"]
[Round "3.7"]
[White "Perez, Flavio"]
[Black "Gruenenwald, Joerg"]
[Result "0-1"]
[WhiteElo "2276"]
[BlackElo "2331"]
[PlyCount "114"]
[EventDate "2009.??.??"]
[SourceDate "2001.01.01"]

1. e4 c5 2. Nc3 d6 3. g3 Nc6 4. Bg2 g6 5. d3 Bg7 6. Be3 e6 7. Qd2 Qa5 8. Nge2
Nd4 9. Nc1 Bd7 10. O-O Ne7 11. Nb3 Qc7 12. Bh6 O-O 13. Bxg7 Kxg7 14. Nxd4 cxd4
15. Ne2 e5 16. f4 f6 17. c3 dxc3 18. bxc3 Rad8 19. Rf2 Bc6 20. Raf1 Qb6 21. g4
h6 22. h4 d5 23. d4 exd4 24. Nxd4 dxe4 25. Ne6+ Kg8 26. Qb2 Qxb2 27. Rxb2 Rd3
28. Nxf8 Kxf8 29. f5 g5 30. hxg5 hxg5 31. Kh2 Nc8 32. c4 Nd6 33. c5 Nc4 34. Rb4
Nd2 35. Re1 Rc3 36. Rd4 Rc2 37. Kg3 Rxa2 38. Rxd2 Rxd2 39. Bxe4 Bxe4 40. Rxe4
Rb2 41. Rc4 Ke7 42. c6 bxc6 43. Rxc6 Rb3+ 44. Kf2 a5 45. Re6+ Kf7 46. Ra6 Ra3
47. Ra7+ Ke8 48. Kg2 a4 49. Kf2 Ra1 50. Ke3 a3 51. Kd3 a2 52. Kc2 Rg1 53. Rxa2
Rxg4 54. Kd3 Rf4 55. Ra5 Kf8 56. Ke3 Kg7 57. Rb5 Kh6 0-1

[Event "SUI-chT Zuerich-Geneve"]
[Site "?"]
[Date "2009.04.26"]
[Round "3.8"]
[White "Friedrich, Norbert"]
[Black "Kovacevic, Vladimir"]
[Result "1-0"]
[WhiteElo "2324"]
[BlackElo "2218"]
[PlyCount "67"]
[EventDate "2009.??.??"]
[SourceDate "2001.01.01"]

1. e4 c5 2. Nf3 Nc6 3. d4 cxd4 4. Nxd4 Nf6 5. Nc3 e5 6. Ndb5 a6 7. Nd6+ Bxd6 8.
Qxd6 Qe7 9. Qxe7+ Nxe7 10. Bg5 b5 11. O-O-O b4 12. Bxf6 gxf6 13. Na4 Rb8 14.
Bc4 Rg8 15. g3 Rg6 16. Rhe1 Nc6 17. Nc5 a5 18. Re3 Ke7 19. Red3 d6 20. Rxd6 Nd4
21. Rd5 Bg4 22. f3 Bc8 23. f4 Be6 24. Nxe6 fxe6 25. Rxa5 Rb7 26. fxe5 fxe5 27.
Rxe5 Nf3 28. Rh5 Ke8 29. Rd6 Ng5 30. e5 Kf8 31. Bd3 Rgg7 32. Rd8+ Ke7 33. Rh8
Ra7 34. Rxg5 1-0

[Event "SUI-chT Zuerich-Luzern"]
[Site "?"]
[Date "2009.05.10"]
[Round "4.1"]
[White "Bauer, Christian"]
[Black "Huebner, Robert"]
[Result "1/2-1/2"]
[WhiteElo "2625"]
[BlackElo "2602"]
[PlyCount "84"]
[EventDate "2009.??.??"]
[SourceDate "2001.01.01"]

1. e4 e5 2. Bc4 Nf6 3. d3 Nc6 4. Nf3 Be7 5. O-O O-O 6. Re1 d6 7. a4 Be6 8. Nbd2
Nd4 9. Nxd4 exd4 10. e5 Nd5 11. Nf3 c5 12. exd6 Qxd6 13. Bd2 Bf6 14. Qe2 Bd7
15. Qe4 Bc6 16. Qg4 Rfe8 17. Bb3 Nb4 18. Qh5 Qf8 19. Qf5 b6 20. h4 Rad8 21. h5
Bd7 22. Qf4 Be6 23. Bxb4 cxb4 24. Bxe6 fxe6 25. Qg4 Qf7 26. Nd2 Rd5 27. Ne4 Be5
28. g3 Qf5 29. f3 Qxg4 30. fxg4 Bf6 31. Nd2 a6 32. Nc4 b5 33. axb5 axb5 34. Na5
Rc5 35. Re2 Rec8 36. Rae1 Rxc2 37. Kf1 Bg5 38. Rxc2 Rxc2 39. Re2 Rc1+ 40. Re1
Kf7 41. Rxc1 Bxc1 42. b3 Kf6 1/2-1/2

[Event "SUI-chT Luzern-Zuerich"]
[Site "?"]
[Date "2009.05.10"]
[Round "4.2"]
[White "Papa, Severin"]
[Black "Pelletier, Yannick"]
[Result "1/2-1/2"]
[WhiteElo "2449"]
[BlackElo "2558"]
[PlyCount "37"]
[EventDate "2009.??.??"]
[SourceDate "2001.01.01"]

1. d4 Nf6 2. Nf3 e6 3. g3 c5 4. Bg2 cxd4 5. Nxd4 d5 6. O-O e5 7. Nb3 Be6 8. Bg5
Nbd7 9. Nc3 Be7 10. e4 dxe4 11. Nxe4 Nxe4 12. Bxe7 Qxe7 13. Bxe4 Nf6 14. Bg2
O-O 15. Re1 Qc7 16. Qe2 Nd7 17. Rad1 Rac8 18. c3 b6 19. Bd5 1/2-1/2

[Event "SUI-chT Luzern-Zuerich"]
[Site "?"]
[Date "2009.05.10"]
[Round "4.4"]
[White "Borgo, Giulio"]
[Black "Brunner, Lucas"]
[Result "1-0"]
[WhiteElo "2431"]
[BlackElo "2475"]
[PlyCount "127"]
[EventDate "2009.??.??"]
[SourceDate "2001.01.01"]

1. e4 c6 2. d4 d5 3. Nd2 dxe4 4. Nxe4 Bf5 5. Ng3 Bg6 6. Nh3 e6 7. Nf4 Bd6 8.
Nxg6 hxg6 9. Ne4 Be7 10. g3 Nd7 11. Bg2 Ndf6 12. Ng5 Nh6 13. c3 Nf5 14. Qe2 Bd6
15. Bd2 Qc7 16. O-O-O O-O-O 17. Kb1 Kb8 18. Bc1 Ka8 19. Rd3 Rhe8 20. Rhd1 Rh8
21. h3 Rd7 22. Qc2 Rhd8 23. Qa4 Bf8 24. Nf3 Bd6 25. Bg5 Rc8 26. g4 Ne7 27. c4
Ne4 28. Be3 Rdd8 29. Ne1 f5 30. Bxe4 fxe4 31. R3d2 b5 32. Qc2 bxc4 33. Bg5 c3
34. bxc3 Rb8+ 35. Ka1 Ba3 36. Qa4 Bd6 37. Bxe7 Bxe7 38. Nc2 Rd5 39. Ne3 Ra5 40.
Qc2 Qf4 41. Nc4 Rab5 42. Re2 Qf3 43. Re3 Qg2 44. Qxe4 Qxf2 45. Re2 Qg3 46.
Qxc6+ R8b7 47. Rb2 Rxb2 48. Nxb2 Ba3 49. Na4 Qd6 50. Qxd6 Bxd6 51. Re1 e5 52.
dxe5 Ba3 53. Re2 Kb8 54. Nb2 Rc7 55. Nd1 Rd7 56. Nf2 Kc7 57. Kb1 Kd8 58. Kc2
Ke7 59. Re4 Ke6 60. Nd3 g5 61. Ra4 Be7 62. c4 Rb7 63. Ra6+ Kf7 64. a4 1-0

[Event "SUI-chT Zuerich-Luzern"]
[Site "?"]
[Date "2009.05.10"]
[Round "4.5"]
[White "Vogt, Lothar"]
[Black "Kurmann, Oliver"]
[Result "1/2-1/2"]
[WhiteElo "2458"]
[BlackElo "2441"]
[PlyCount "46"]
[EventDate "2009.??.??"]
[SourceDate "2001.01.01"]

1. e4 e6 2. d4 d5 3. Nc3 Nf6 4. Bg5 Bb4 5. e5 h6 6. Bd2 Bxc3 7. bxc3 Ne4 8. Bd3
Nxd2 9. Qxd2 c5 10. Nf3 Qa5 11. O-O Nc6 12. dxc5 Qxc5 13. Rab1 O-O 14. Rfe1 Qa5
15. c4 dxc4 16. Bxc4 Qxd2 17. Nxd2 b6 18. f4 Na5 19. Bd3 Bb7 20. Nb3 Nc6 21.
Nc5 Na5 22. Nb3 Nc6 23. Nc5 Na5 1/2-1/2

[Event "SUI-chT Luzern-Zuerich"]
[Site "?"]
[Date "2009.05.10"]
[Round "4.6"]
[White "Almada, Enrique"]
[Black "Hug, Werner"]
[Result "1/2-1/2"]
[WhiteElo "2326"]
[BlackElo "2455"]
[PlyCount "24"]
[EventDate "2009.??.??"]
[SourceDate "2001.01.01"]

1. d4 d6 2. g3 g6 3. c4 Bg7 4. Bg2 Nf6 5. Nf3 O-O 6. O-O Bg4 7. b3 Nc6 8. Bb2
e5 9. dxe5 dxe5 10. Nxe5 Nxe5 11. Bxe5 Qe7 12. Bc3 Rad8 1/2-1/2

[Event "SUI-chT Zuerich-Luzern"]
[Site "?"]
[Date "2009.05.10"]
[Round "4.7"]
[White "Gruenenwald, Joerg"]
[Black "Raeber, Markus"]
[Result "1-0"]
[WhiteElo "2331"]
[BlackElo "2290"]
[PlyCount "63"]
[EventDate "2009.??.??"]
[SourceDate "2001.01.01"]

1. d4 Nf6 2. c4 g6 3. f3 Bg7 4. e4 d6 5. Nc3 O-O 6. Nge2 c5 7. d5 e6 8. Ng3 Na6
9. Be2 exd5 10. cxd5 Nc7 11. O-O a6 12. Bd2 b5 13. a3 b4 14. axb4 cxb4 15. Na4
a5 16. Nb6 Nxe4 17. Nxe4 Bd4+ 18. Kh1 Bxb6 19. Bh6 f5 20. Bg5 Qe8 21. Nxd6 Qd7
22. Nxc8 Rfxc8 23. d6 Ne6 24. Qd5 Qf7 25. Be7 Nd4 26. Bc4 Rxc4 27. Qxa8+ Kg7
28. Rac1 Rc2 29. Rxc2 Nxc2 30. Qc6 Ne3 31. Qxb6 Nxf1 32. d7 1-0

[Event "SUI-chT Luzern-Zuerich"]
[Site "?"]
[Date "2009.05.10"]
[Round "4.8"]
[White "Wueest, Andrin"]
[Black "Goldstern, Filip Daniel"]
[Result "1/2-1/2"]
[WhiteElo "2236"]
[BlackElo "2359"]
[PlyCount "42"]
[EventDate "2009.??.??"]
[SourceDate "2001.01.01"]

1. c4 c5 2. Nf3 Nf6 3. Nc3 e6 4. g3 b6 5. Bg2 Bb7 6. O-O a6 7. Re1 d6 8. e4 Be7
9. d4 cxd4 10. Nxd4 Qc7 11. Qe2 Nbd7 12. Bd2 O-O 13. b3 Rac8 14. Rac1 Qb8 15.
g4 g6 16. f4 e5 17. Nc2 exf4 18. Bxf4 Rfe8 19. Ne3 Bf8 20. Ned5 Nxd5 21. Nxd5
Bg7 1/2-1/2

[Event "SUI-chT Joueur-Bodan"]
[Site "?"]
[Date "2009.05.10"]
[Round "4.1"]
[White "Chernuschevich, Alexei"]
[Black "Knoedler, Dieter"]
[Result "1/2-1/2"]
[WhiteElo "2526"]
[BlackElo "2359"]
[PlyCount "61"]
[EventDate "2009.05.10"]
[EventRounds "4"]
[SourceDate "2001.01.01"]

1. d4 e6 2. Nf3 Nf6 3. e3 c5 4. Bd3 Nc6 5. O-O d5 6. b3 Bd6 7. Bb2 O-O 8. a3
Qe7 9. Ne5 cxd4 10. exd4 Bd7 11. Nd2 Rfd8 12. Re1 Be8 13. Qe2 Rac8 14. Nf1 Bc7
15. Ng3 Bb6 16. Nf3 Qc7 17. Qe3 a6 18. Qg5 Ne7 19. Nh5 Nxh5 20. Qxh5 h6 21. Qg4
Bb5 22. c4 dxc4 23. bxc4 f5 24. Qh3 Bxc4 25. Rac1 Bxd3 26. Rxc7 Rxc7 27. Ne5
Bb5 28. Qb3 Nd5 29. a4 Be8 30. Nc4 Ba7 31. Ne3 1/2-1/2

[Event "SUI-chT Bodan-Joueur"]
[Site "?"]
[Date "2009.05.10"]
[Round "4.2"]
[White "Modler, Andreas"]
[Black "Gallagher, Joseph"]
[Result "0-1"]
[WhiteElo "2257"]
[BlackElo "2474"]
[PlyCount "130"]
[EventDate "2009.05.10"]
[EventRounds "4"]
[SourceDate "2001.01.01"]

1. d4 Nf6 2. c4 g6 3. Nc3 Bg7 4. e4 d6 5. Nf3 O-O 6. Be2 e5 7. O-O Nbd7 8. Be3
Re8 9. d5 Nh5 10. g3 Bf8 11. Ne1 Ng7 12. Nd3 f5 13. f3 Be7 14. Qd2 Nf6 15. c5
h5 16. cxd6 cxd6 17. h4 Rf8 18. Nf2 Nh7 19. f4 exf4 20. Bxf4 fxe4 21. Nfxe4 Nf5
22. Rad1 Bd7 23. Bf3 Qb6+ 24. Kh2 Rf7 25. Bg2 Raf8 26. Ng5 Nxg5 27. hxg5 h4 28.
g4 Ng3 29. Bxg3 hxg3+ 30. Kxg3 Qb4 31. Ne4 Qxd2 32. Nxd2 Bxg5 33. Rxf7 Rxf7 34.
Bf3 Bf4+ 35. Kg2 Rh7 36. Nf1 Rh4 37. Rd4 g5 38. Rc4 Bxg4 39. Bxg4 Rxg4+ 40. Kf3
Rh4 41. Rc8+ Kf7 42. Rc7+ Kf6 43. Rxb7 Ke5 44. Rxa7 Kxd5 45. Rb7 Be5 46. Rb8
Rf4+ 47. Ke2 Bd4 48. Nd2 g4 49. Kd3 g3 50. Rg8 Be5 51. b3 Rf2 52. Nc4 Bf4 53.
Rg4 Kc5 54. Ne3 d5 55. b4+ Kd6 56. Rg6+ Ke5 57. Ng4+ Kf5 58. Nxf2 gxf2 59. Ke2
Kxg6 60. Kxf2 Kf5 61. a4 Ke4 62. Ke2 Kd4 63. a5 Bc7 64. a6 Bb6 65. Kd2 Kc4 0-1

[Event "SUI-chT Joueur-Bodan"]
[Site "?"]
[Date "2009.05.10"]
[Round "4.3"]
[White "Netzer, Jean"]
[Black "Schmid, Michael"]
[Result "1/2-1/2"]
[WhiteElo "2367"]
[BlackElo "2208"]
[PlyCount "56"]
[EventDate "2009.05.10"]
[EventRounds "4"]
[SourceDate "2001.01.01"]

1. e4 e6 2. d4 d5 3. Nd2 Nf6 4. e5 Nfd7 5. Bd3 c5 6. c3 Nc6 7. Ngf3 cxd4 8.
cxd4 Qb6 9. O-O Nxd4 10. Nxd4 Qxd4 11. Nf3 Qb6 12. Qa4 Qb4 13. Qc2 Qc5 14. Qe2
Qb6 15. Be3 Bc5 16. Bd2 Bb4 17. Rac1 Bxd2 18. Qxd2 f5 19. b4 O-O 20. Rc2 Qd8
21. Rfc1 Nb6 22. Nd4 Bd7 23. b5 Qh4 24. Nb3 Rfc8 25. g3 Rxc2 26. Rxc2 Qe7 27.
Rc7 Rb8 28. Na5 Na8 1/2-1/2